|
|
|
|
| LEADER |
01465nam a2200325 a 4500 |
| 001 |
29519 |
| 003 |
BD-DhAAL |
| 005 |
20150804155848.0 |
| 008 |
150803s2008 njua 001 0 eng |
| 010 |
|
|
|a 2008004979
|
| 020 |
|
|
|a 9780470169957 (cloth)
|
| 020 |
|
|
|a 0470169958 (cloth)
|
| 040 |
|
|
|a DLC
|c DLC
|d YDX
|d BTCTA
|d BAKER
|d YDXCP
|d UKM
|d DLC
|d BD-DhAAL
|
| 050 |
0 |
0 |
|a HG4521
|b .D72 2008
|
| 082 |
0 |
0 |
|a 332.6
|2 22
|
| 100 |
1 |
|
|a DraKoln, Noble.
|9 13526
|
| 245 |
1 |
0 |
|a Winning the trading game :
|b why 95% of traders lose and what you must do to win /
|c Noble DraKoln.
|
| 260 |
|
|
|a Hoboken, N.J. :
|b John Wiley & Sons,
|c c2008.
|
| 300 |
|
|
|a xx, 284 p. :
|b ill. ;
|c 24 cm.
|
| 490 |
1 |
|
|a Wiley trading
|
| 500 |
|
|
|a Includes index.
|
| 650 |
|
0 |
|a Investments.
|9 13527
|
| 650 |
|
0 |
|a Portfolio management.
|9 13528
|
| 650 |
|
0 |
|a Investment analysis.
|9 8116
|
| 650 |
|
0 |
|a Finance, Personal.
|9 13529
|
| 830 |
|
0 |
|a Wiley trading.
|9 13530
|
| 942 |
|
|
|2 ddc
|c BK
|
| 999 |
|
|
|c 35153
|d 35153
|
| 952 |
|
|
|0 0
|1 0
|2 ddc
|4 0
|6 332_600000000000000_DRA
|7 0
|9 55109
|a BRACUL
|b BRACUL
|c GEN
|d 2015-08-04
|e BRAC Institute of Language (BIL)
|l 5
|m 56
|o 332.6 DRA
|p 3010029519
|r 2026-05-03
|s 2025-10-11
|t 1
|w 2015-08-04
|y BK
|x Transferred from BIL to BRACUL on 06/06/22
|
| 952 |
|
|
|0 0
|1 0
|2 ddc
|4 0
|6 332_600000000000000_DRA
|7 0
|9 55120
|a BRACUL
|b BRACUL
|c GEN
|d 2015-08-05
|e BRAC Institute of Language (BIL)
|l 2
|m 20
|o 332.6 DRA
|p 3010029538
|q 2026-05-20
|r 2026-01-14
|s 2026-01-14
|t 2
|w 2015-08-05
|y BK
|x Transferred from BIL to BRACUL on 06/06/22
|